| 000 | 00778cam a2200193 4500 | ||
|---|---|---|---|
| 001 | WB3622-03 | ||
| 008 | 000000n2000 000 0 eng u | ||
| 035 | _a(Sirsi) u106383 | ||
| 245 | _aDefence Estates reveals strategy | ||
| 260 | _c2000 | ||
| 490 |
_aContract Journal _v 7 June 2000 3(1) |
||
| 520 | _aA new strategy document by Defence Estates sets out higher standards of estate management for the built and rural estate. At its launch the chief executive highlighted the principles of prime contracting. New prime contractors were warned against ditching members of their supply chain without due cause. | ||
| 590 | _aWB | ||
| 650 | _aDEFENCE ESTATES | ||
| 650 | _aMINISTRY OF DEFENCE | ||
| 650 | _aPRIME CONTRACTORS | ||
| 690 | _aBUILT ENVIRONMENT | ||
| 942 | _n0 | ||
| 999 |
_c63723 _d63723 |
||